Gli Anni Alieni Parte seconda

Zapisane w:
Opis bibliograficzny
1. autor: Robert Silverberg
Format: Książka
Język:nieznany język
Wydane: Mondatori
Etykiety: Dodaj etykietę
Nie ma etykietki, Dołącz pierwszą etykiete!

MARC

LEADER 00000nam a2200000Ia 4500
001 R-1953
003 CODICE-MESSINA
005 20260212102524.0
008 260211s9999 xx 000 0 und d
040 |c importazione_messina 
100 |a Robert Silverberg 
245 0 |a Gli Anni Alieni 
245 0 |b Parte seconda 
260 |b Mondatori 
942 |2 ddc  |c BK 
952 |0 0  |1 0  |2 ddc  |4 0  |6 SCAFFALE_20_000000000000000__STANZA_2__ROMANZI  |7 0  |9 32794  |a ME  |b ME  |d 2026-02-11  |l 0  |o SCAFFALE 20 - STANZA 2 - ROMANZI  |p R-1953  |r 2026-02-11 23:53:24  |w 2026-02-11  |x [REVISIONARE]  |y BK 
999 |c 28461  |d 28461